00486nam a2200169Ia 4500003000900000008004100009040001600050080001300066100002000079245008300099250001100182260003000193300001500223500002600238650004100264650001100305IN-BaIIA211028s9999 xx 000 0 eng d cIIA Library a535bWOO aWood, Robert W. 0aPhysical opticscRobert W. Wood  a3rd ed aNew YorkbMacmillanc1936 axvi, 846p. aDonated by Mrs. Bappu aAstronomy and Astrophysics Thesaurus aOptics